Hearthstone- Legendary Minions with Multiple Variants - Statistics

General Stats
  • This quiz has been taken 7 times
  • The average score is 16 of 53
Answer Stats
Hint Answer % Correct
Reno Reno Jackson
86%
C'thun C'thun
71%
Deathwing Deathwing
71%
Deathwing Deathwing, Dragonlord
71%
Dr. Boom Dr. Boom
71%
Elise Elise Starseeker
71%
Malygos Malygos
71%
Reno Reno the Relicologist
71%
Ysera Ysera
71%
Alexstrasza Alexstrasza
57%
Brann Brann Bronzebeard
57%
Dr. Boom Dr. Boom, Mad Genius
57%
Hagatha Hagatha the Witch
57%
Nozdormu Nozdormu
57%
Rag Ragnaros the Firelord
57%
Deathwing Deathwing, Mad Aspect
43%
Brann Dinotamer Brann
43%
Alexstrasza Dragonqueen Alexstrasza
43%
Elise Elise the Trailblazer
43%
Rag Ragnaros, Lightlord
43%
Finley Sir Finley of the Sands
43%
Hagatha Swampqueen Hagatha
43%
Rafaam Arch-Villain Rafaam
29%
Malygos Malygos, Aspect of Magic
29%
Nat Pagle Nat Pagle
29%
Reno The Amazing Reno
29%
Aviana Aviana
14%
Dr. Boom Blastmaster Boom
14%
Aviana Duskfallen Aviana
14%
Elise Elise the Enlightened
14%
Galakrond Galakrond the Nightmare
14%
Galakrond Galakrond the Tempest
14%
Galakrond Galakrond the Unbreakable
14%
Galakrond Galakrond the Unspeakable
14%
Galakrond Galakrond the Wretched
14%
Hogger Hogger, Doom of Elwynn
14%
King Mukla King Mukla
14%
Togwaggle King Togwaggle
14%
C'thun Mecha'thun
14%
King Mukla Mukla, Tyrant of the Vale
14%
Nozdormu Nozdormu the Timeless
14%
Hogger The Hogger
14%
Rafaam Arch-Theif Rafaam
0%
Bolvar Bolvar Fireblood
0%
Bolvar Bolvar Fordragon
0%
Togwaggle Heistbaron Togwaggle
0%
Hemet Hemet, Jungle Hunter
0%
Hemet Hemet Nesingwary
0%
Nat Pagle Nat the Darkfisher
0%
Finley Sir Finley Mrrggleton
0%
Kragg Skycap'n Kragg
0%
Kragg Sky Gen'ral Kragg
0%
Ysera Ysera, Unleashed
0%
No matching quizzes found
Score Distribution
Percent of People with Each Score
Percentile by Number Answered
Your Score History
You have not taken this quiz